00383 2200157 4500001002100000005001500021035002000036245004100056100001600097250001200113300002500125260003500150082000800185084001400193020001800207INLIS00000000000111720260112112449 a0010-01260000111 atitip salam untuk dia /cabdul halim0 aabdul halim apertama a144 hlm :bilustrasi ajakarta selatan :bwahyu qolbu a813 a813 ABD t a9786026358745